LEADER 01200nas a2200265 i 4500 001 000000166388 003 CaOOAMICUS 005 20071109000000.0 008 071109b1934 fr uu u0 0fre r 013 $a143756 040 $aSeMil$bita 100 1 $aBrillant, Maurice <1881-1953>.$0(OLS)http://semarc/name/5503 245 10$aNotre-Dame a Nazareth /$cpar Maurice Brillant, M. J. Lagrange, R. Bernard. 260 $aJuvisy :$bLes Éditions du Cerf,$c1934. 300 $a102 p., [20] p. di tav. ;$c21 cm. 500 $aFirma autografa in mezzo al front. : dCarlo dell'Acqua. 700 1 $aLagrange, Marie-Joseph,$c.$0(OLS)http://semarc/name/3538 700 1 $aBernard, Régis,$c.$0(OLS)http://semarc/name/89592 773 0 $tCahiers de la Vierge.$dJuvisy : Les Éditions du Cerf, 1934-[1937?]$w()3198 774 0 $t[vedi periodico].$w()267638 850 $aSeMil 852 $aSeMil$W1$xVenegono$y1$m138 6 103 =$j117552$B117552$CSeMilBibl$Z2$F128235 $85 961 $aRecupero: Biblioteca Seminario Seveso (dal 1998) 996 $6245$aNotre-Dame a Nazareth$9(OLS)http://semarc/title/237707 996 $6260$aJuvisy :$bLes Éditions du Cerf$9(OLS)http://semarc/publisher/31163 LEADER 01145nam a2200205 i 4500 001 000000224728 003 CaOOAMICUS 005 20131111000000.0 008 131111s1836 it u000 u lat u 013 $a203626 040 $aSeMil$bita 245 10$aTomus 115. 300 $a576 p. 773 0 $aAugustinus, Aurelius $tSancti Augustini Hipponensis episcopi opera omnia multis sermonibus ineditis aucta et locupletata.$b[dal 1842] Editio nova / accurantibus D. A. B. Caillau ... nonnullisque cleri gallicani presbyteris.$dParisiis : Apud Paul Mellier, 1836.$g8$w()10069 773 0 $aGuillon, Marie Nicolas Sylvestre <1760-1847>$tCollectio selecta SS. Ecclesiae Patrum, complectens exquisitissima opera tum dogmatica et moralia, tum apologetica et oratoria; accurantibus D. Caillau ... una cum D.M.N.S. Guillon ..$dParisiis : Apud Méquignon-Havard, 1829-1840 (Parisiis : Typis Decourchant)$g115$w()28977 850 $aSeMil 852 $aSeMil$W1$xVenegono$y1$m2S II 115 FA$j175074$B175074$CSeMilBibl$Z2$F185045 $8I 941 1 $a10 961 $aRecupero: Mantegazza 996 $6245$aTomus 115$9(OLS)http://semarc/title/322042